| 000 | 00888cam a22002771 4500 | ||
|---|---|---|---|
| 999 |
_c21437 _d21437 |
||
| 001 | 6978347 | ||
| 003 | BDDh-ASL | ||
| 005 | 20231015030008.0 | ||
| 008 | 721019s19581952xx 000 0 eng | ||
| 010 | _a 53030604 | ||
| 035 | _a(OCoLC)467148 | ||
| 040 |
_aDLC _cODaWU _dDLC _dBDDh-ASL |
||
| 042 | _apremarc | ||
| 050 | 0 | 0 |
_aDS448 _b.K35 |
| 082 |
_a327.54 _bKAI |
||
| 100 | 1 |
_aKarunakaran, Kotta P., _d1925- |
|
| 245 | 1 | 0 | _aIndia in world affairs / |
| 260 |
_a[Calcutta, New York] _bIndian Branch, Oxford University Press _c[1952-58] |
||
| 300 |
_a266 p.: _c22 cm. |
||
| 410 | 2 | 0 |
_aIndian Council of World Affairs. _tIndia in world affairs, _v1-2 |
| 504 | _aBibliography: v.[1]. p. [389]-400; v.[2], p. [255]-259. | ||
| 650 | 0 |
_91531 _aInternational Relations |
|
| 651 | 0 |
_aIndia _xForeign relations. |
|
| 906 |
_a7 _bcbc _coclcrpl _du _encip _f19 _gy-gencatlg |
||
| 942 |
_2ddc _cBK |
||